[Event "41st Olympiad Women 2014"]
[Site "Tromso NOR"]
[Date "2014.08.11"]
[Round "9.58"]
[Board "2"]
[White "Shah, Riya"]
[Black "Sukhu, Gloria"]
[Result "0-1"]
[WhiteTitle "WCM"]
[BlackTitle "WCM"]
[WhiteElo "1289"]
[BlackElo "1501"]
[WhiteTeam "Kenya"]
[BlackTeam "Fiji"]
[WhiteFideId "10800387"]
[BlackFideId "11400099"]
[EventDate "2014.08.02"]

1. e4 e5 2. Nf3 d6 3. Nc3 Nf6 4. Bc4 Be7 5. d3 c5 6. a3 a6 7. Nd5 Nxd5 8. Bxd5
Nc6 9. c3 Be6 10. Qb3 Qc8 11. Bxe6 fxe6 12. Ng5 Nd8 13. Be3 O-O 14. O-O Rf6 15.
f4 h6 16. Nh3 exf4 17. Rxf4 Rg6 18. Nf2 Bg5 19. Rg4 Nf7 20. Bxg5 Rxg5 21. Rxg5
Nxg5 22. Rf1 Rb8 23. Ng4 Kh8 24. Qd1 Qe8 25. h4 Nh7 26. Qf3 Qg6 27. Ne3 Rf8 28.
Qg4 Rxf1+ 29. Kxf1 Qf6+ 30. Ke2 b5 31. Nd1 Nf8 32. g3 Ng6 33. Qf3 Qxf3+ 34. Kxf3
Ne5+ 35. Ke3 g6 36. Nf2 h5 37. Nh3 Kg7 38. Ng5 Kf6 39. Nh7+ Ke7 40. Ng5 c4 41.
d4 Nd3 42. Nf3 Nxb2 43. Ne1 Nd1+ 44. Kd2 Nf2 45. Ke3 Ng4+ 46. Kf3 a5 47. Nc2 Kd7
48. Ke2 Kc6 49. Kd2 Nf6 50. Ke3 d5 51. e5 Ne4 52. Kf3 Nxc3 53. Ke3 Na2 54. Kd2
b4 55. axb4 axb4 56. Ne3 Nc3 0-1

[Event "41st Olympiad Women 2014"]
[Site "Tromso NOR"]
[Date "2014.08.11"]
[Round "9.59"]
[Board "1"]
[White "Al-khelaifi, Aisha"]
[Black "Smith, Javanna"]
[Result "1-0"]
[BlackTitle "WCM"]
[WhiteElo "1690"]
[BlackElo "1747"]
[WhiteTeam "Qatar"]
[BlackTeam "Trinidad & Tobago"]
[WhiteFideId "12100625"]
[BlackFideId "7700466"]
[EventDate "2014.08.02"]

1. e4 c5 2. Nf3 d6 3. Bb5+ Nc6 4. O-O Nf6 5. Re1 Bd7 6. Bxc6 Bxc6 7. e5 dxe5 8.
Nxe5 Qc7 9. d3 e6 10. Bf4 Bd6 11. Nd2 b5 12. Qe2 Nd7 13. Nxf7 e5 14. Nxh8 O-O-O
15. Nf7 exf4 16. Nxd8 Qxd8 17. Qe8 Qxe8 18. Rxe8+ Kc7 19. Ne4 Bxe4 20. Rxe4 Ne5
21. Rxf4 Kb6 22. Re4 Nc6 23. c3 Be5 24. Rae1 Bf6 25. Re6 Bg5 26. d4 cxd4 27.
cxd4 Kc7 28. Rd1 Kd7 29. d5 Nb8 30. Re4 a5 31. b3 Bf6 32. g4 Na6 33. f4 h6 34.
Re6 Nc7 35. Re2 Bc3 36. d6 Ne8 37. Re7+ Kd8 38. Rb7 1-0

[Event "41st Olympiad Women 2014"]
[Site "Tromso NOR"]
[Date "2014.08.11"]
[Round "9.59"]
[Board "2"]
[White "Soondarsingh, Aditi"]
[Black "Al-Khelaifi, Kholoud"]
[Result "1/2-1/2"]
[WhiteTitle "WCM"]
[WhiteElo "1747"]
[BlackElo "1511"]
[WhiteTeam "Trinidad & Tobago"]
[BlackTeam "Qatar"]
[WhiteFideId "7700598"]
[BlackFideId "12100145"]
[EventDate "2014.08.02"]

1. e4 c6 2. d4 d5 3. Nc3 Nf6 4. Bd3 dxe4 5. Bxe4 Nxe4 6. Nxe4 Bf5 7. Ng3 Bg6 8.
Nf3 Nd7 9. h4 h6 10. Bf4 e6 11. Qe2 Bb4+ 12. c3 Ba5 13. b4 Bc7 14. Bxc7 Qxc7 15.
Ne5 Nxe5 16. Qxe5 Qxe5+ 17. dxe5 Rd8 18. Rd1 Ke7 19. Ke2 Rd5 20. Rxd5 cxd5 21.
Rc1 b5 22. Kd2 Rc8 23. Ne2 a6 24. g3 Bh5 25. Nf4 Bg4 26. Nd3 Bf5 27. Nc5 a5 28.
a3 a4 29. Nb7 Bg6 30. Nd6 Rb8 31. Ke3 Bh5 32. Kd4 f6 33. f4 Be2 34. Kc5 Bc4 1/2-1/2

[Event "41st Olympiad Women 2014"]
[Site "Tromso NOR"]
[Date "2014.08.11"]
[Round "9.59"]
[Board "3"]
[White "Safar, Alshaymaa"]
[Black "Johnson, Gabriella"]
[Result "1/2-1/2"]
[WhiteTitle "WCM"]
[WhiteElo "1594"]
[BlackElo "1634"]
[WhiteTeam "Qatar"]
[BlackTeam "Trinidad & Tobago"]
[WhiteFideId "12100510"]
[BlackFideId "7701128"]
[EventDate "2014.08.02"]

1. d4 Nf6 2. Nc3 d5 3. Bg5 Nbd7 4. e3 a6 5. Nf3 h6 6. Bf4 e6 7. h3 c5 8. dxc5
Bxc5 9. Bd3 O-O 10. O-O Qe7 11. Ne5 Rd8 12. Re1 Bd6 13. Nxd7 Bxd7 14. Bxd6 Qxd6
15. e4 dxe4 16. Nxe4 Qe7 17. Qf3 Nh7 18. Qg3 Bc6 19. a3 Rd7 20. Qe3 Rad8 21. Ng3
Qf6 22. Qe5 Qxe5 23. Rxe5 Rd4 24. Ne2 R4d5 25. Rxd5 Bxd5 26. Nc3 Bc6 27. Rd1 Rc8
28. Rd2 Nf6 29. f3 Kf8 30. Re2 Nd5 31. Nxd5 Bxd5 32. Kf2 Rc6 33. c3 Rd6 34. Re3
Ke7 35. Be4 Bxe4 36. Rxe4 Rd2+ 37. Re2 Rd5 38. Ke1 Kd6 39. Rd2 b5 1/2-1/2

[Event "41st Olympiad Women 2014"]
[Site "Tromso NOR"]
[Date "2014.08.11"]
[Round "9.62"]
[Board "2"]
[White "Khamboo, Monalisa"]
[Black "Arbona Avila, Zaily M."]
[Result "1-0"]
[WhiteElo "1771"]
[BlackElo "1526"]
[WhiteTeam "Nepal"]
[BlackTeam "Aruba"]
[WhiteFideId "12300080"]
[BlackFideId "15900053"]
[EventDate "2014.08.02"]

1. d4 Nf6 2. c4 g6 3. Nc3 Bg7 4. Nf3 O-O 5. e3 d6 6. Be2 Nbd7 7. O-O c6 8. b3
Qc7 9. Bb2 e5 10. dxe5 dxe5 11. e4 Rd8 12. Qc2 Nc5 13. Rfd1 Bd7 14. b4 Ne6 15.
c5 Nf4 16. Bc4 Bg4 17. Rxd8+ Rxd8 18. Ng5 Be6 19. Nxe6 fxe6 20. Rd1 Rd4 21. Ne2
Rxe4 22. Nxf4 Rxf4 23. Bxe6+ Kh8 24. a3 Ng4 25. Rd7 Qb8 26. Qd1 Rd4 27. Bxd4
exd4 28. Qxg4 Qf8 29. Qg5 Bf6 30. Qf4 1-0

[Event "41st Olympiad Women 2014"]
[Site "Tromso NOR"]
[Date "2014.08.11"]
[Round "9.62"]
[Board "3"]
[White "Jacobs, Annelaine"]
[Black "Jaiswal, Sangita"]
[Result "1-0"]
[WhiteTitle "WCM"]
[WhiteElo "1680"]
[BlackElo "1667"]
[WhiteTeam "Aruba"]
[BlackTeam "Nepal"]
[WhiteFideId "15900177"]
[BlackFideId "12301779"]
[EventDate "2014.08.02"]

1. e4 e5 2. Nf3 Nc6 3. Bb5 a6 4. Ba4 Nf6 5. O-O Bc5 6. Nc3 O-O 7. Nxe5 Nxe5 8.
d4 Bxd4 9. Qxd4 Re8 10. Bg5 b5 11. Bb3 d6 12. Qe3 Be6 13. Bxe6 Rxe6 14. b3 h6
15. Bxf6 Rxf6 16. f4 Nd7 17. Rf3 c6 18. Ne2 Qb6 19. Qxb6 Nxb6 20. f5 g6 21. fxg6
Rxf3 22. gxf3 fxg6 23. Rd1 Rd8 24. Nd4 c5 25. Nc6 Rd7 26. Nb8 Rd8 27. Nxa6 Ra8
28. Nc7 Rxa2 29. Rxd6 Ra7 30. Rxg6+ Kh7 31. Rxb6 Rxc7 32. Rxb5 c4 33. bxc4 Rxc4
34. Rb2 Rc3 35. Kf2 Kg6 36. Kg3 Kg5 37. h4+ Kg6 38. Rb6+ Kh5 39. Rb5+ Kg6 40.
h5+ Kg7 41. Kg4 Rxc2 42. f4 Rg2+ 43. Kf5 Rh2 44. Rb7+ Kf8 45. Kg6 Rg2+ 46. Kf5
Rh2 47. Kf6 Ke8 48. Rb5 Rh4 49. Rf5 Kf8 50. Kg6+ 1-0

[Event "41st Olympiad Women 2014"]
[Site "Tromso NOR"]
[Date "2014.08.11"]
[Round "9.63"]
[Board "4"]
[White "Figaro, Dericka"]
[Black "Whipps, Joy Flores"]
[Result "1-0"]
[WhiteElo "1710"]
[BlackElo "1305"]
[WhiteTeam "Seychelles"]
[BlackTeam "Palau"]
[WhiteFideId "9800034"]
[BlackFideId "16600460"]
[EventDate "2014.08.02"]

1. d4 d5 2. c4 e6 3. Nf3 Nf6 4. Bg5 Bd6 5. c5 Be7 6. e3 Nc6 7. Bd3 O-O 8. a3 b6
9. b4 bxc5 10. bxc5 a5 11. Qc2 e5 12. dxe5 Nd7 13. Bxh7+ Kh8 14. Bf4 Bxc5 15.
O-O Qe7 16. Bg5 Qe8 17. Bd3 a4 18. Bf5 Ba6 19. Bxd7 Qxd7 20. Rc1 Rab8 21. Qxc5
Rb5 22. Qxf8+ Kh7 23. Nbd2 Rb8 24. Qc5 Rf8 25. Qxf8 Bc8 26. Qc5 Bb7 27. Rab1 Nd8
28. Bxd8 Qxd8 29. Rxb7 Qg8 30. Qxc7 Kg6 31. Rb8 Qh7 32. Rc6+ f6 33. exf6 Qh5 34.
f7+ Kh7 35. f8=Q Qxf3 36. Qcxg7# 1-0

[Event "41st Olympiad Women 2014"]
[Site "Tromso NOR"]
[Date "2014.08.11"]
[Round "9.66"]
[Board "1"]
[White "Morales Santos, Natasha"]
[Black "Perez Rodriguez, Jennifer"]
[Result "0-1"]
[WhiteTitle "WCM"]
[BlackTitle "WIM"]
[WhiteElo "1726"]
[BlackElo "2211"]
[WhiteTeam "Puerto Rico"]
[BlackTeam "Paraguay"]
[WhiteFideId "3101703"]
[BlackFideId "3507831"]
[EventDate "2014.08.02"]

1. d4 Nf6 2. Nf3 c5 3. c4 g6 4. Nc3 cxd4 5. Nxd4 Bg7 6. e4 Nc6 7. Be3 O-O 8. Be2
d6 9. O-O Nxd4 10. Bxd4 Be6 11. f3 Rc8 12. Nd5 Bxd5 13. cxd5 a6 14. Qd2 Qd7 15.
Rac1 Qa4 16. b3 Nxe4 17. fxe4 Qxd4+ 18. Qxd4 Bxd4+ 19. Kh1 Be3 20. Rc4 Kg7 21.
Rf3 Rxc4 22. bxc4 Bd4 23. g4 Rc8 24. Rb3 Rc7 25. Kg2 e6 26. h3 Kf6 27. Kf3 exd5
28. exd5 Kg5 29. Ke4 Bc5 30. Rf3 Re7+ 31. Kd3 b5 32. cxb5 axb5 33. Kd2 Ra7 34.
Bxb5 Rxa2+ 35. Kd3 Rh2 36. Bd7 f6 37. Be6 Ba3 38. Bg8 h6 39. Be6 Bb2 40. Ke4 Kh4 0-1

[Event "41st Olympiad Women 2014"]
[Site "Tromso NOR"]
[Date "2014.08.11"]
[Round "9.66"]
[Board "2"]
[White "Perez, Dalila"]
[Black "Vega Jimenez, Keyshla M."]
[Result "1/2-1/2"]
[WhiteElo "1791"]
[BlackElo "1664"]
[WhiteTeam "Paraguay"]
[BlackTeam "Puerto Rico"]
[WhiteFideId "3702014"]
[BlackFideId "3101851"]
[EventDate "2014.08.02"]

1. d4 Nf6 2. c4 g6 3. Nc3 Bg7 4. e4 d6 5. f4 O-O 6. Nf3 c5 7. d5 e6 8. Bd3 exd5
9. cxd5 Bg4 10. O-O Nbd7 11. h3 Bxf3 12. Rxf3 Re8 13. Qc2 Rc8 14. b3 Nh5 15. Bb2
a6 16. Ne2 Qb6 17. Bxg7 Nxg7 18. Bc4 f5 19. Ng3 fxe4 20. Nxe4 Nf5 21. Qd3 Qc7
22. a4 Nd4 23. Re3 Re7 24. Rae1 Rce8 25. Kh2 Kg7 26. Nxc5 Nxc5 27. Qxd4+ Kg8 28.
f5 Rxe3 29. Rxe3 Rxe3 30. Qxe3 Qf7 31. fxg6 hxg6 32. Qg5 Kg7 33. a5 Qf6 34. Qe3
Qe5+ 35. Qxe5+ dxe5 36. b4 Ne4 37. Bd3 Nd6 38. Kg3 Kf6 39. h4 e4 40. Be2 Ke5 41.
Kg4 Nf7 42. d6 Kxd6 43. Kf4 Kd5 44. h5 gxh5 45. Bxh5 Nd6 46. g4 Kc4 47. Ke5 Ne8
48. g5 e3 49. Ke4 Kxb4 50. Kxe3 Ng7 51. Bf3 Kxa5 52. Bxb7 Kb6 53. Bd5 Kc5 54.
Ke4 Kd6 55. Bf7 Ne6 1/2-1/2

[Event "41st Olympiad Women 2014"]
[Site "Tromso NOR"]
[Date "2014.08.11"]
[Round "9.66"]
[Board "3"]
[White "Comas Colon, Rinelly M."]
[Black "Avalos, Leticia"]
[Result "1-0"]
[WhiteTitle "WFM"]
[BlackTitle "WCM"]
[WhiteElo "1762"]
[BlackElo "1687"]
[WhiteTeam "Puerto Rico"]
[BlackTeam "Paraguay"]
[WhiteFideId "3101576"]
[BlackFideId "3702073"]
[EventDate "2014.08.02"]

1. c4 c5 2. g3 g6 3. Bg2 Bg7 4. Nc3 Nc6 5. Nf3 e5 6. e3 Nge7 7. O-O O-O 8. a3 d6
9. d3 Be6 10. Ng5 Bd7 11. Nge4 Be6 12. Qb3 Rb8 13. Nd5 b5 14. Nef6+ Kh8 15. Qd1
bxc4 16. dxc4 Na5 17. b4 Nxc4 18. bxc5 dxc5 19. e4 Nxd5 20. Nxd5 Qa5 21. Qc2 Nd6
22. Bd2 Qa6 23. Qxc5 Rfc8 24. Qa5 Qxa5 25. Bxa5 Rb5 26. Bb4 Nxe4 27. Ne7 Rc4 28.
Rfe1 Ng5 29. h4 Nh3+ 30. Kh2 Nxf2 31. Bf1 Ng4+ 32. Kg1 Rbxb4 33. axb4 Rc7 34.
Rad1 h6 35. Nd5 Rc2 36. Re2 Rc4 37. Ra2 Rc8 38. Be2 Nf6 39. Bf3 e4 40. Bxe4 Nxe4
41. Rxa7 Rd8 42. Ra5 Nf6 43. Ne3 Rxd1+ 44. Nxd1 Ne4 45. Kh2 Bd4 46. Ra3 Nf6 47.
Rd3 Ng4+ 48. Kg2 Ba7 49. Rd6 Bc4 50. Nc3 Ne3+ 51. Kh2 Nf5 52. Rd8+ Kg7 53. b5
Bd4 54. Rc8 Bf1 55. Rc6 Bf2 56. b6 Bxg3+ 57. Kg1 Ba6 58. Rc5 Bxh4 59. Ra5 Bc8
60. Ra8 Nd6 61. Rxc8 Bf6 62. Rc6 Be5 63. Nd5 h5 64. Kg2 g5 65. Ne3 Kh7 66. Nc4
Nxc4 67. Rxc4 Kg6 68. b7 Kf5 69. Rc8 h4 70. Re8 Bc7 71. Re7 Bd6 72. Rxf7+ Kg4
73. Rd7 h3+ 74. Kh1 Be5 75. Rd8 Kg3 76. b8=Q Bxb8 77. Rxb8 g4 78. Rb3+ Kf4 79.
Kh2 Ke4 80. Kg3 Kf5 81. Rb5+ 1-0

[Event "41st Olympiad Women 2014"]
[Site "Tromso NOR"]
[Date "2014.08.11"]
[Round "9.66"]
[Board "4"]
[White "Rojas, Montserrat"]
[Black "Rivera Negron, Yanira"]
[Result "1/2-1/2"]
[WhiteElo "1618"]
[BlackElo "1603"]
[WhiteTeam "Paraguay"]
[BlackTeam "Puerto Rico"]
[WhiteFideId "3701670"]
[BlackFideId "3101177"]
[EventDate "2014.08.02"]

1. Nf3 Nf6 2. g3 d5 3. c4 c6 4. b3 Bf5 5. Bg2 e6 6. O-O Bd6 7. Bb2 O-O 8. d4
Nbd7 9. Nh4 Bg4 10. f4 Ne4 11. c5 Be7 12. Nf3 f5 13. Nbd2 b6 14. cxb6 Qxb6 15.
Nxe4 fxe4 16. Ne1 c5 17. h3 Bh5 18. g4 Bg6 19. e3 cxd4 20. Bxd4 Bc5 21. Nc2 Bxd4
22. Qxd4 Rfc8 23. Rf2 Qxd4 24. Nxd4 e5 25. fxe5 Nxe5 26. Rd1 Nd3 27. Rfd2 Bf7
28. Bf1 Ne5 29. Kf2 g5 30. Nf5 Rd8 31. Nh6+ Kg7 32. Nxf7 Kxf7 33. Rxd5 Rxd5 34.
Rxd5 Ke6 35. Rd4 Rf8+ 36. Ke2 Nf3 37. Rxe4+ Kd5 38. Re7 Ng1+ 39. Ke1 Nf3+ 40.
Kd1 Ne5 41. Be2 Ke4 42. Rxa7 Kxe3 43. Rc7 Rf2 44. Re7 Kf4 45. a4 Rh2 46. Rxh7
Nc6 47. Rd7 Rxh3 48. b4 Rb3 49. b5 Ne5 50. Rd4+ Ke3 51. Kc2 Rxb5 52. axb5 Kxd4
53. Kb3 Kc5 54. Ka4 Kb6 55. Kb4 Nd7 56. Bd3 Ne5 57. Bf5 Nf7 58. Bd7 Ne5 59. Bf5
Nf7 60. Bd3 Ne5 61. Be2 Nf7 62. Kc3 Ne5 63. Kd4 Nxg4 64. Bxg4 Kxb5 1/2-1/2

[Event "41st Olympiad Women 2014"]
[Site "Tromso NOR"]
[Date "2014.08.12"]
[Round "10.3"]
[Board "1"]
[White "Hou, Yifan"]
[Black "Vega Gutierrez, Sabrina"]
[Result "1-0"]
[WhiteTitle "GM"]
[BlackTitle "IM"]
[WhiteElo "2661"]
[BlackElo "2395"]
[WhiteTeam "China"]
[BlackTeam "Spain"]
[WhiteFideId "8602980"]
[BlackFideId "2219026"]
[EventDate "2014.08.02"]

1. e4 c5 2. Nf3 Nc6 3. Bb5 Nf6 4. Bxc6 dxc6 5. d3 g6 6. h3 Bg7 7. Nc3 O-O 8. Be3
b6 9. Qd2 e5 10. Bh6 Qe7 11. O-O Ne8 12. a3 Nc7 13. Bxg7 Kxg7 14. Ne2 f6 15. Nh2
Ne6 16. f4 exf4 17. Nxf4 Nxf4 18. Rxf4 Be6 19. Raf1 Rad8 20. Qc3 Bc8 21. R1f2
Qd6 22. Rxf6 Rxf6 23. e5 Rxf2 24. exd6+ Rf6 25. Qe5 Rxd6 26. Qe7+ Kg8 27. Qxa7
c4 28. Qb8 cxd3 29. cxd3 Rd8 30. Nf3 h6 31. Qc7 Rdf8 32. Ne5 c5 33. Nc6 Bf5 34.
Qxb6 Kh8 35. Qb7 Bxd3 36. Ne5 c4 37. Qd5 Rf1+ 38. Kh2 R1f2 39. Nxd3 cxd3 40.
Qxd3 Kh7 41. b4 Ra2 42. b5 Rff2 43. Qd7+ Kh8 44. Qd5 Rfd2 45. Qc6 Kh7 46. b6
Rac2 47. Qb7+ Kh8 48. a4 Ra2 49. a5 1-0

[Event "41st Olympiad Women 2014"]
[Site "Tromso NOR"]
[Date "2014.08.12"]
[Round "10.14"]
[Board "2"]
[White "Aulia, Medina Warda"]
[Black "Stetsko, Lanita"]
[Result "1/2-1/2"]
[WhiteTitle "WGM"]
[BlackTitle "FM"]
[WhiteElo "2397"]
[BlackElo "2261"]
[WhiteTeam "Indonesia"]
[BlackTeam "Belarus"]
[WhiteFideId "7101570"]
[BlackFideId "13505300"]
[EventDate "2014.08.02"]

1. e4 e5 2. Bc4 Nc6 3. d3 Nf6 4. Nc3 Bb4 5. Ne2 d5 6. exd5 Nxd5 7. O-O Nb6 8.
Bb3 Na5 9. f4 Nxb3 10. axb3 exf4 11. Nxf4 O-O 12. Qf3 c6 13. Kh1 Qh4 14. h3 Bd7
15. Be3 f5 16. Na4 Nxa4 17. Rxa4 a5 18. Bf2 Qg5 19. Be1 Qe7 20. Ra1 Bd6 21. Bc3
b5 22. Rae1 Qh4 23. Be5 Bxe5 24. Rxe5 Rae8 25. d4 g5 26. Qh5 Qxh5 27. Nxh5 Kf7
28. Ng3 Rxe5 29. dxe5 Ke7 30. Ne2 Ke6 31. Rd1 Rf7 32. Ra1 Kxe5 33. Rxa5 Ke4 34.
Nc1 f4 35. Nd3 Kd4 36. Ra8 Bf5 37. Kg1 Rd7 38. Ne1 Ke3 39. Re8+ Kd2 40. Re5 Bxc2
41. b4 Bd1 42. Kf2 Kc1 43. Rc5+ Kxb2 44. Rxc6 Rd2+ 45. Kg1 Kb3 46. Rc5 Kxb4 47.
Rxg5 Kc4 48. Rf5 Rd4 49. Rf7 h5 50. Kf2 b4 51. Rc7+ Kb3 52. Nf3 Bxf3 53. Kxf3
Ka2 54. Ra7+ Kb2 55. Rh7 b3 56. Rxh5 Kc3 57. Re5 b2 58. Re1 Rb4 59. h4 b1=Q 60.
Rxb1 Rxb1 61. Kxf4 Kd4 62. h5 Kd5 63. Kf5 Rf1+ 64. Kg6 Rg1 65. Kf6 Rxg2 66. h6
Rh2 67. Kg7 Ke6 68. h7 Rg2+ 69. Kh8 1/2-1/2

[Event "41st Olympiad Women 2014"]
[Site "Tromso NOR"]
[Date "2014.08.12"]
[Round "10.17"]
[Board "1"]
[White "Srebrnic, Ana"]
[Black "Samaganova, Alexandra"]
[Result "0-1"]
[WhiteTitle "WGM"]
[WhiteElo "2251"]
[BlackElo "2012"]
[WhiteTeam "Slovenia"]
[BlackTeam "Kyrgyzstan"]
[WhiteFideId "14603314"]
[BlackFideId "13800221"]
[EventDate "2014.08.02"]

1. c4 c5 2. Nc3 Nc6 3. e3 Nf6 4. g4 h6 5. Bg2 e6 6. h3 d5 7. cxd5 exd5 8. d4
cxd4 9. exd4 Bb4 10. Ne2 h5 11. g5 Ne4 12. Kf1 Bxc3 13. Nxc3 Bf5 14. Nxe4 dxe4
15. Be3 Qd5 16. Rc1 Rd8 17. Qa4 O-O 18. Rc5 Qd7 19. d5 Ne7 20. Qxd7 Rxd7 21. Rc4
Nxd5 22. Bxe4 Nxe3+ 23. fxe3 Bxe4 24. Rxe4 Rd1+ 25. Kg2 Rd2+ 26. Kf3 Rxb2 27.
Re7 Rb8 28. Rd1 Rxa2 29. Rdd7 Rf8 30. Rxb7 a6 31. Ra7 Ra5 32. Kf4 g6 33. Re5 Ra1
34. Ree7 Ra5 35. e4 Ra3 36. Red7 Rxh3 37. Rxa6 Rh4+ 38. Kf3 Re8 39. Raa7 Rf8 40.
Re7 Rg4 41. Ra5 Rb8 42. Ke3 Rb3+ 43. Kd4 Rb4+ 44. Ke3 Rg3+ 45. Kf4 Rbb3 46. Ra8+
Kg7 47. Ree8 Rg4+ 48. Ke5 Rxg5+ 49. Kd4 Rg1 50. Rg8+ Kh6 51. Rh8+ Kg5 52. Ra7
Rf3 53. Rh7 Rgf1 54. Ra8 Kg4 55. Rah8 Rf4 56. Re8 h4 57. Ke5 f6+ 58. Kd4 g5 59.
Rh6 f5 0-1

[Event "41st Olympiad Women 2014"]
[Site "Tromso NOR"]
[Date "2014.08.12"]
[Round "10.36"]
[Board "3"]
[White "Barbier, Wiebke"]
[Black "Kyrkjebo, Marte B."]
[Result "1-0"]
[WhiteElo "1944"]
[BlackElo "1732"]
[WhiteTeam "Belgium"]
[BlackTeam "Norway 3"]
[WhiteFideId "207977"]
[BlackFideId "1511602"]
[EventDate "2014.08.02"]

1. e4 e5 2. Nf3 Nc6 3. Bc4 Bc5 4. c3 Nf6 5. d3 d6 6. Bb3 a6 7. Bg5 h6 8. Bh4 Ba7
9. Nbd2 O-O 10. Nf1 Be6 11. Ng3 g6 12. h3 Qe7 13. Qd2 Kg7 14. O-O Bxb3 15. axb3
Qe6 16. Nh2 Rh8 17. Kh1 Nd7 18. b4 g5 19. Nf5+ Kf8 20. Bg3 Ne7 21. Ne3 Ng6 22.
Nd5 Bb6 23. f3 c6 24. Nxb6 Nxb6 25. d4 Kg7 26. Rad1 Qe7 27. Ng4 h5 28. Ne3 Qf6
29. Nf5+ Kg8 30. dxe5 dxe5 31. Qd6 Qxd6 32. Nxd6 Rb8 33. Bf2 Nc8 34. Nc4 Nce7
35. Rd7 Nc8 36. Na5 Kg7 37. Rfd1 g4 38. Rxb7 Rxb7 39. Nxb7 gxh3 40. gxh3 Nce7
41. Nc5 Nf4 42. Kh2 Ra8 43. Be3 Nfg6 44. Ra1 Rd8 45. Nxa6 Rd3 46. Re1 f5 47. Nc5
Rd6 48. Re2 f4 49. Bf2 Rd1 50. Kg2 Ng8 51. Nb3 Nf6 52. Na5 Ne7 53. c4 Ra1 54.
Rd2 Kf7 55. Bc5 Nfg8 56. Nb7 Ng6 57. Nd6+ Ke6 58. Nf5 N8e7 59. Ng7+ Kf7 60. Nxh5
Nh4+ 61. Kf2 Rh1 62. Rd7 Ng6 63. Kg2 Rb1 64. Rd2 Nh4+ 65. Kf2 Rh1 66. Rd7 Ng6
67. Bxe7 Nxe7 68. Ng7 Kxg7 69. Rxe7+ Kf6 70. Rc7 Rxh3 71. Rxc6+ Ke7 72. Kg2 Rg3+
73. Kf2 Rh3 74. b5 Rh2+ 75. Ke1 Rxb2 76. b6 Kd8 77. c5 Rb5 78. Kd2 Rb3 79. Rd6+
Kc8 80. Rd3 Rb5 81. Rd5 Rb3 82. Ke2 Rb2+ 83. Kf1 Rb3 84. Kg2 Rb2+ 85. Kh3 Rb3
86. Kg4 Kb7 87. Rxe5 Kc6 88. Kxf4 Rb5 89. Kg5 Rb1 90. f4 Rg1+ 91. Kf6 Rg2 92. f5
Rh2 93. Ke6 Rf2 94. f6 1-0

[Event "41st Olympiad Women 2014"]
[Site "Tromso NOR"]
[Date "2014.08.12"]
[Round "10.38"]
[Board "1"]
[White "Baklanova, Tatiana"]
[Black "Garcia Morales, Ivette Ale"]
[Result "1/2-1/2"]
[WhiteTitle "WIM"]
[BlackTitle "WIM"]
[WhiteElo "2229"]
[BlackElo "2113"]
[WhiteTeam "ICCD"]
[BlackTeam "Mexico"]
[WhiteFideId "14100754"]
[BlackFideId "5105994"]
[EventDate "2014.08.02"]

1. d4 Nf6 2. c4 e6 3. Nc3 Bb4 4. e3 c5 5. Bd3 O-O 6. Ne2 cxd4 7. exd4 d5 8. O-O
dxc4 9. Bxc4 Nc6 10. Bg5 Be7 11. a3 Nd5 12. Bxe7 Ncxe7 13. Ne4 Bd7 14. Qd3 Bc6
15. Rac1 Nf5 16. g3 Nd6 17. Nxd6 Qxd6 18. Bb5 Rac8 19. Rc5 a6 20. Bxc6 Rxc6 21.
Rxc6 Qxc6 22. Rc1 Qd7 23. Qc4 Rd8 24. Qc5 h6 25. Rc4 Kh7 26. h4 Qd6 27. b4 b5
28. Rc1 Nb6 29. Qxd6 Rxd6 30. Rc7 Kg8 31. Kg2 Nc4 32. a4 Na3 33. a5 Nc4 34. Ra7
Na3 35. Rc7 Nc4 36. Kf3 Kf8 37. g4 e5 38. Ke4 Nd2+ 39. Ke3 Nc4+ 40. Ke4 Nd2+ 41.
Ke3 Nc4+ 42. Ke4 Nd2+ 1/2-1/2

[Event "41st Olympiad Women 2014"]
[Site "Tromso NOR"]
[Date "2014.08.14"]
[Round "11.1"]
[Board "2"]
[White "Videnova, Iva"]
[Black "Gunina, Valentina"]
[Result "0-1"]
[WhiteTitle "WGM"]
[BlackTitle "GM"]
[WhiteElo "2342"]
[BlackElo "2524"]
[WhiteTeam "Bulgaria"]
[BlackTeam "Russia"]
[WhiteFideId "2907763"]
[BlackFideId "4167570"]
[EventDate "2014.08.02"]

1. e4 c6 2. d4 d5 3. e5 Bf5 4. h4 h5 5. Bg5 Qb6 6. Bd3 Qxd4 7. Nf3 Qg4 8. Nc3 f6
9. Be3 fxe5 10. Be2 Qb4 11. Nxe5 Nf6 12. Bd3 e6 13. O-O Bd6 14. Ng6 Rg8 15. Bxf5
exf5 16. Bd4 Nbd7 17. a3 Qa5 18. Qf3 O-O-O 19. Qxf5 Qc7 20. b4 Kb8 21. Rfe1 Nf8
22. Re2 Nxg6 23. Qxg6 Ng4 24. Qxh5 Bh2+ 25. Kf1 Qf4 26. Rd1 g5 27. Qh7 Bg3 28.
Re7 Bxf2 29. Be5+ Nxe5 30. Rxb7+ Ka8 31. Ne2 Qf8 0-1

[Event "41st Olympiad Women 2014"]
[Site "Tromso NOR"]
[Date "2014.08.14"]
[Round "11.1"]
[Board "4"]
[White "Voiska, Margarita"]
[Black "Pogonina, Natalija"]
[Result "1/2-1/2"]
[WhiteTitle "WGM"]
[BlackTitle "WGM"]
[WhiteElo "2279"]
[BlackElo "2479"]
[WhiteTeam "Bulgaria"]
[BlackTeam "Russia"]
[WhiteFideId "2900602"]
[BlackFideId "4147855"]
[EventDate "2014.08.02"]

1. e4 e5 2. Nf3 Nc6 3. Be2 Nf6 4. d3 Be7 5. O-O O-O 6. c3 Re8 7. Nbd2 Bf8 8. Re1
d5 9. h3 a6 10. Qc2 b5 11. Nf1 h6 12. Ng3 Bb7 13. Bf1 Qd7 14. a4 b4 15. a5 Rab8
16. Bd2 Ba8 17. Red1 Qe6 18. Be1 Red8 19. Qe2 bxc3 20. bxc3 dxe4 21. dxe4 Rxd1
22. Qxd1 Na7 23. Qa4 Nb5 24. Bc4 Qe8 25. Qc2 Na3 26. Qe2 Nxc4 27. Qxc4 Rb5 28.
Qd3 Qd7 29. Qe2 Qe6 30. c4 Rb8 31. Bc3 Nd7 32. Rd1 Bc6 33. Nh2 Bb4 34. Qd2 Bxc3
35. Qxc3 Nc5 36. Ng4 Nxe4 1/2-1/2

[Event "41st Olympiad Women 2014"]
[Site "Tromso NOR"]
[Date "2014.08.14"]
[Round "11.2"]
[Board "1"]
[White "Milovic, Aleksandra"]
[Black "Sahl, Sheila Barth"]
[Result "1/2-1/2"]
[WhiteTitle "WFM"]
[BlackTitle "WIM"]
[WhiteElo "2170"]
[BlackElo "2216"]
[WhiteTeam "Montenegro"]
[BlackTeam "Norway"]
[WhiteFideId "933988"]
[BlackFideId "1500953"]
[EventDate "2014.08.02"]

1. d4 d5 2. Bg5 Nf6 3. e3 Ne4 4. Bf4 c5 5. Nd2 Nc6 6. Nxe4 dxe4 7. d5 Nb8 8. Ne2
Bg4 9. Qd2 Qb6 10. Nc3 Nd7 11. h3 Bf5 12. O-O-O h5 13. Be2 a6 14. f3 Nf6 15. g4
exf3 16. gxf5 fxe2 17. Qxe2 O-O-O 18. e4 g6 19. e5 Ng8 20. fxg6 fxg6 21. Qc4 Qb4
22. Qxb4 cxb4 23. Ne4 Bh6 24. Bg5 Rf8 25. h4 Rf5 26. d6 Rxe5 27. d7+ Kd8 28. Rd4
Nf6 29. Bxh6 Rxe4 30. Rxe4 Nxe4 31. Re1 Rxh6 32. Rxe4 Kxd7 33. Rxb4 Kc6 34. Re4
Kd6 35. Rb4 b5 36. a4 Kc5 37. Re4 Kd6 38. axb5 axb5 39. Rb4 Kc5 40. Re4 Kd6 41.
Rb4 Kc5 42. Re4 Kd6 43. Kd2 g5 44. hxg5 Rg6 45. Rd4+ Kc5 46. Re4 Kd6 47. Rd4+
Kc5 48. Re4 Kd6 49. Rd4+ Kc5 50. Re4 1/2-1/2